000 00731nam a2200289Ia 4500
005 20260324133355.0
008 008 260324s9999 xx 000 0 eng d
020 _a9781003063797
037 _aEBOOK
040 _aCRL
040 _beng
040 _cCRL
041 _2eng
041 _aeng
084 _qCRL
100 _aBruno Sergi
_91192849
245 0 _aEconomic Dynamics in Transitional Economies
245 4 _bThe Four-P Governments, the EU Enlargement, and the Bruxelles Consensus
260 _bTaylor and Francis
260 _c2003
365 _a
365 _b230
856 _uhttp://www.taylorfrancis.com/books/9781003063797
942 _cEBOOK
999 _c1791822
_d1791822